LEADER 01239nam a2200265 4500 001 000000353863 003 CaOOAMICUS 005 20230517164246.0 008 230517s2016 it 000 u ita r 020 $a978-88-575-3688-0 040 $aSeMil$bita 245 03$aLa cornice simbolica del legame sociale :$bprospettive sugli immaginari contemporanei /$ca cura di Graziano Lingua e Sergio Racca. 264 1$aMilano ;$aUdine :$bMimesis,$c2016. 300 $a192 p. ;$c21 cm 490 1 $aMimesis/Morphé ;$v16 650 4$aInterazione sociale - Immagini.$0(OLS)http://semarc/subject/53785 700 1 $aLingua, Graziano,$d<1968- >.$0(OLS)http://semarc/name/13085 700 1 $aRacca, Sergio.$0(OLS)http://semarc/name/117610 830 0$aMimesis. Morphé ;$v16.$0(OLS)http://semarc/title/444005 850 $aSeMil 852 $aSeMil$W1$xVenegono$y1$m3M II 367$j240433$B245069$CSeMilBibl$Z2$F245069 $81 996 $6020$a978-88-575-3688-0$9(OLS)http://semarc/number/298208 996 $6245$aLa cornice simbolica del legame sociale :$bprospettive sugli immaginari contemporanei$9(OLS)http://semarc/title/444004 996 $6264$aMilano ;$aUdine :$bMimesis$9(OLS)http://semarc/publisher/39598 LEADER 01009nam a2200229 i 4500 001 000000188481 003 CaOOAMICUS 005 20150223000000.0 008 150223n it u000 u ita u 013 $a166665 040 $aSeMil$bita 245 10$aProfilo del servo di Dio Mons. Giuseppe Marello :$bvescovo di Acqui : fondatore degli oblati di S. Giuseppe. 260 $aAsti :$bS. Giuseppe,$cimprim. 1937. 300 $aXII, 341 p. ;$c21 cm. 500 $aFondo card. Giovanni Colombo. 650 4$aMarello, Giuseppe .$0(OLS)http://semarc/subject/21833 850 $aSeMil 852 $aSeMil$W1$xVenegono$y1$m3GC V 148$j139123$B139123$CSeMilBibl$Z2$F150726 $8B 941 1 $a3 961 $aLascito: Colombo Card. Giovanni 996 $6245$aProfilo del servo di Dio Mons. Giuseppe Marello :$bvescovo di Acqui : fondatore degli oblati di S. Giuseppe$9(OLS)http://semarc/title/271245 996 $6260$aAsti :$bS. Giuseppe$9(OLS)http://semarc/publisher/46707